Sports Quiz

Random Sports or Play Quiz
Score 0/116 Timer 15:00
0 Plays Today
Player Club % Correct
Villarreal
97%
Villarreal
97%
Villarreal
97%
Villarreal
97%
Villarreal
97%
Villarreal
97%
Villarreal
97%
Villarreal
97%
Villarreal
97%
Mario GasparVillarreal
97%
Villarreal
97%
MiguelonVillarreal
97%
Villarreal
97%
Villarreal
97%
Villarreal
97%
Bruno SorianoVillarreal
97%
Manu TriguerosVillarreal
97%
Santi CazorlaVillarreal
97%
Villarreal
97%
Villarreal
97%
Manu MorlanesVillarreal
97%
Villarreal
97%
Villarreal
97%
Alfonso PedrazaVillarreal
97%
Villarreal
97%
Dani RabaVillarreal
97%
Villarreal
97%
Gerard MorenoVillarreal
97%
Villarreal
97%
Villarreal
97%
Villarreal
97%
Villarreal
97%
Villarreal
97%
Sevilla
94.8%
Sevilla
94.8%
Sevilla
94.8%
Milan
93.6%
Milan
93.6%
Valencia
92.3%
Player Club % Correct
Jaume CostaValencia
92.3%
Valencia
92.3%
Porto
91.8%
Porto
91.8%
Malaga
89.7%
Malaga
89.7%
Malaga
89.7%
Malaga
89.7%
Pablo FornalsMalaga
89.7%
Arsenal
88.8%
Victor RuizEspanyol
87.1%
Espanyol
87.1%
Espanyol
87.1%
Atletico Madrid
86.3%
Atletico Madrid
86.3%
River Plate
78.5%
Ramiro Funes MoriRiver Plate
78.5%
Everton
73.4%
Osasuna
69.1%
Osasuna
69.1%
Granada
69.1%
Granada
69.1%
Getafe
64.8%
Sergio AsenjoReal Valladolid
63.1%
Club Brugge
63.1%
AlvaroRacing Santander
62.2%
Levante
61.4%
Levante
61.4%
Napoli
60.9%
Deportivo Alaves
60.5%
Rayo Vallecano
57.1%
Rayo Vallecano
57.1%
Sassuolo
56.7%
America
55.8%
Mallorca
54.5%
Mallorca
54.5%
Javi FuegoSporting Gijon
53.6%
Real Zaragoza
52.8%
Las Palmas
49.4%
Player Club % Correct
Udinese
47.2%
Recreativo
46.4%
Recreativo
46.4%
Recreativo
46.4%
Parma
42.9%
Parma
42.9%
Angers
41.6%
Luis Garcia (DT)Elche
41.6%
Real Murcia
37.8%
Estudiantes
36.9%
Watford
36.5%
Huesca
34.3%
Cadiz
33.9%
Atalanta
33%
Nicola SansoneBayern Munich
26.2%
Andres FernandezTenerife
24.9%
Lugo
24.9%
Atlas
24%
Daniele BoneraBrescia
21%
Mariano BarbosaBanfield
20.2%
Santiago CaseresVelez
20.2%
Carlos BaccaJunior
18.9%
Junior
18.9%
Tijuana
15.5%
Manuel IturraU de Chile
15%
Sochaux
14.6%
Veracruz
13.7%
Leeds
13.7%
Crotone
13.3%
Necaxa
12.9%
Karl Toko EkambiParis
11.2%
Benidorm
8.6%
Baniyas
8.6%
Uniao de Leiria
8.2%
Beijing Renhe
7.7%
Miguel LayunQueretaro
7.3%
Samuel ChukwuezeDiamond Academy
3%
Minerven
3%
Remove Ads.
Support Sporcle.
Get the best of Sporcle when you Go Orange. This ad-free experience offers more features, more stats, and more fun while also helping to support Sporcle. Thank you for becoming a member.

You're not logged in!

Compare scores with friends on all Sporcle quizzes.
OR
Log In

Show Comments

Extras

Top Quizzes Today


Score Distribution

Your Account Isn't Verified!

In order to create a playlist on Sporcle, you need to verify the email address you used during registration. Go to your Sporcle Settings to finish the process.

Report this User

Report this user for behavior that violates our Community Guidelines.

Details: